000 00545nam a2200193Ia 4500
005 20250610123558.0
008 008 250516s9999 xx 000 0 eng d
020 _a9781837532537
040 _beng
_cSDCL
041 _aeng
_2eng
084 _aX81:8 R4
245 0 _aUnderstanding financial risk management
250 _a3rd ed.
260 _aIndia :
_bEmerald Publishing Limited,
_c2024.
300 _axxv, 578p.
650 _aBusiness Economics and Finance
_9812405
700 _aCorelli, Angelo Ed.
_9809587
942 _cTEXL
_2CC
999 _c1429561
_d1429561